00673nam a2200241 a 4500001001300000003000900013005001700022008004100039020001000080082001500090100001900105245002100124260003200145300000800177500003500185505001000220650002200230700001900252902000800271942000700279952013000286999001500416nice12345678IN_TiNIC20260116011841.0050524s1896 laha grp 000 0 urd  ac10000a297.7bILA aIlahi Bakhsh,  aSharqul Qamarain aLahorebSiddiqi Pressc1896 a40p aincludes index and biblioraphy2 aindex aIslamic-Education1 aIlahi Bakhsh,  bSRS cBK 001040708StackRoom-aHMIbHMId2008-02-27g100.00l1m1o297.7 ILAp07939r2023-10-31s2023-07-26v100.00w2005-05-24yBK c4432d4432